000 00856nam a22002297a 4500
005 20240523084013.0
008 240424t ||||| |||| 00| 0 spa d
020 _a9789587924510
020 _a9789587924527
040 _aCO-BoUCM
_cDavid Moreno
_dDavid Moreno
041 _aspa
100 1 _aFonseca Vivas, Álvaro
_9180526
245 1 0 _aAuditoría forense, sus fundamentos jurídicos y la praxiología
_cÁlvaro Fonseca Vivas
250 _a2a. edición
260 _aBogotá
_bEdiciones de la U
_c2022
300 _a176 Paginas
650 1 7 _aAuditoría
_99745
_xLegislación
_zAmérica Latina
650 1 7 _aAuditoría forence
_9180527
_xLegislación
_zAmérica Latina
650 1 7 _aPerfil criminológico
_9180528
_xLegislación
_zAmérica Latina
942 _2DEWEY
_a8
_cLIBRO
_e2
_h364.601
_mF676a
_n0
999 _c324118
_d324118